| 000 | 01597cam a2200217 4500500 | ||
|---|---|---|---|
| 005 | 20250112063539.0 | ||
| 041 | _afre | ||
| 042 | _adc | ||
| 100 | 1 | 0 |
_aRiceputi, Fabrice _eauthor |
| 245 | 0 | 0 | _aPaul Teitgen and torture during the Algerian War |
| 260 | _c2019. | ||
| 500 | _a18 | ||
| 520 | _aDuring the summer of 1956, Paul Teitgen, a high-ranking civil servant, was appointed to the Algiers police prefecture by the Guy Mollet government. Although he was entrusted with the mission of “republicanising” the colonial police force, by January 1957, Teitgen had in fact become a central figure of the “Battle of Algiers”. As a former member of the French Resistance and a survivor of Gestapo torture chambers and Nazi concentration camps, Teitgen was outraged by the routine use of torture and forced disappearance during the Algerian war. Attempting to criticise these actions from the perspective of his Christian and Republican values, Teitgen ended up publicly denouncing the crimes committed by the French Army. Drawing on the archives of the Algiers police prefecture, this article describes an exceptional and highly painful act of betrayal with echoes of the Dreyfus affair, set against the backdrop of a colonial war. | ||
| 690 | _atorture | ||
| 690 | _acolonial French Republic | ||
| 690 | _aPaul Teitgen | ||
| 690 | _a“Battle of Algiers” | ||
| 690 | _aAlgeria | ||
| 786 | 0 | _n20 & 21. Revue d'histoire | o 142 | 2 | 2019-02-28 | p. 3-17 | 0294-1759 | |
| 856 | 4 | 1 | _uhttps://shs.cairn.info/journal-vingt-et-vingt-et-un-revue-d-histoire-2019-2-page-3?lang=en |
| 999 |
_c234257 _d234257 |
||